Qui a dit cette réplique Marvel #2 - Statistiques

Statistiques générales
  • Ce quiz a été pris 2 595 fois
    872 depuis la dernière actualisation
  • Le résultat moyen est 7 sur 15
Statistiques - réponses
Hint Réplique Réponse % Correct
4 Ça veut dire dégage Voldemort. Iron man (Tony Stark)
97%
3 En fait, je suis seulement né hier. Vision
79%
2 Impartial et équitable entre les pauvres et les riches. On m'a traité de malade mental. Thanos
69%
15 Avant je n'avais rien. Puis j'ai eu tout ça. Un job. Une famille. Black Widow (Natasha Romanoff)
63%
6 Un grand pouvoir implique de grandes responsabilités. Tante May
63%
1 Tu sais ce qu'on ressent en mourant ? Et bien voila ce qu'on ressent... La sorcière Rouge (Wanda Maximoff)
51%
10 La fourmi n'est pas en conflit avec la botte. Loki
50%
5 J'ai pas l'intention de tuer qui que ce soit ! Bucky
46%
13 Protéger votre réalité imbécile ! Doctor Strange (Stephen Strange)
43%
12 Je ne suis peut être plus l'homme que j'étais quand le captain m'a capturé en 1945 mais j'existe. Arnim Zola
33%
9 Vous voudriez qu'on vous prenne pour un simple soldat, mais en réalité vous avez tout simplement peur de reconnaître que nous avons dépassé l'humanité. Crane Rouge (Johann)
30%
7 J'ai 138 missions de combat à mon actif. War Machine (James Rhodes)
20%
8 Je suis extrêmement fière de toi. Mais quand je vois tous les autres, tous ces dieux. Laura Barton
19%
14 J'étais orpheline dans le monde d'où je venais. Il m'a élevé à sa manière et m'a gardé pour lui. Mantis
18%
11 Si vous avez quelque chose à dire Agent Carter, c'est le moment de vous taire. Chester Phillips
4%
Aucun quiz correspondant
Distribution des résultats
% des personnes avec chaque résultat
Percentile par nombre de réponses
Votre historique - résultats
Vous n’avez pas pris ce quiz depuis la dernière actualisation